League of Legends (Lol) : Tous les Champions - Statistiques

Statistiques générales
  • Ce quiz a été pris 627 fois
    231 depuis la dernière actualisation
  • Le résultat moyen est 110 sur 172
Statistiques - réponses
Nom % Correct
Vi
93%
Garen
91%
Lux
91%
Lee Sin
88%
Caitlyn
87%
Darius
87%
Mel
87%
Teemo
87%
Azir
86%
Tristana
86%
Ashe
85%
Lulu
85%
Jinx
84%
Miss Fortune
84%
Yasuo
83%
Yone
82%
Kai'Sa
81%
Nautilus
80%
Pyke
80%
Heimerdinger
79%
Jayce
79%
Nasus
79%
Viego
79%
Singed
78%
Ahri
77%
Akali
77%
Leona
77%
Xerath
77%
Ambessa
76%
Ekko
76%
Illaoi
76%
Lucian
76%
Renekton
76%
Anivia
75%
Aurelion Sol
74%
Gangplank
74%
Jarvan IV
74%
Thresh
74%
Twisted Fate
74%
Aatrox
73%
Diana
73%
Tahm Kench
73%
Warwick
73%
Blitzcranck
72%
Senna
71%
Bel'Veth
70%
Irelia
70%
Kalista
70%
Rumble
70%
Sejuani
70%
Tryndamere
70%
Veigar
70%
Zed
70%
Bard
69%
Cho'Gath
69%
Galio
69%
Graves
69%
Sona
69%
Viktor
69%
Zoe
69%
Braum
68%
Sion
68%
Vel'Koz
68%
Volibear
68%
Aphelios
67%
Fizz
67%
Leblanc
67%
Lissandra
67%
Orianna
67%
Jhin
66%
Olaf
66%
Shen
66%
Ziggs
66%
Corki
65%
Draven
65%
Katarina
65%
Kog'Maw
65%
Poppy
65%
Seraphine
65%
Swain
65%
Xin Zhao
65%
Kennen
64%
Neeko
64%
Ornn
64%
Shyvana
64%
Taric
64%
Ezreal
63%
Gnar
63%
Kayle
63%
Kayn
63%
Morgana
63%
Nidalee
63%
Sett
63%
Twitch
63%
Kha'Zix
62%
Milio
62%
Pantheon
62%
Rek'Sai
62%
Urgot
62%
Vayne
62%
Yorick
62%
Nami
61%
Sivir
61%
Soraka
61%
Annie
60%
Fiora
60%
Gwen
60%
Malzahar
60%
Rengar
60%
Sylas
60%
Yunara
60%
Akshan
59%
Amumu
59%
Cassiopeia
59%
Quinn
59%
Yuumi
59%
Alistar
58%
Camille
58%
Malphite
58%
Qiyana
58%
Syndra
58%
Zac
58%
Hecarim
57%
Karma
57%
Kassadin
57%
Janna
56%
Mordekaiser
56%
Xayah
56%
Vladimir
55%
Brand
54%
Nunu & Willump
54%
Rakan
54%
Varus
54%
Zeri
54%
Zilean
54%
Dr. Mundo
53%
Gragas
53%
Maokai
53%
Nocturne
53%
Rammus
53%
Ivern
51%
Riven
51%
Briar
50%
Fiddlesticks
50%
Kindred
50%
Kled
50%
Master Yi
50%
Ryze
50%
Samira
50%
Zyra
50%
Elise
49%
Evelynn
49%
Udyr
49%
Shaco
48%
Talon
48%
Trundle
48%
Jax
47%
Rell
47%
Wukong
47%
Skarner
46%
Taliyah
46%
Zaahen
46%
K'Sante
45%
Lillia
44%
Naafiri
43%
Nilah
43%
Vex
43%
Renata Glasc
41%
Aurora
40%
Hwei
38%
Karthus
38%
Smolder
36%
Aucun quiz correspondant
Distribution des résultats
% des personnes avec chaque résultat
Percentile par nombre de réponses
Votre historique - résultats
Vous n’avez pas pris ce quiz depuis la dernière actualisation